Текст томруулах:    
Corporate Strategy (Бичлэгийн дугаар. 146774)
000 -УДИРДЛАГА
Удирдлага 01961nam a22002657a 4500
003 - ХЯНАЛТЫН ТОО ТОДОРХОЙЛОГЧ
Код MN-UlNUM
005 - БИЧИЛТ ХИЙСЭН ОГНОО
Тухайн бичилтийг бичсэн засварласан сүүлийн огноо 20260331180024.0
008 - ЕРӨНХИЙ МЭДЭЭЛЭЛ
Ерөнхий мэдээлэл 260331s1998 mau 001 0 eng
020 ## - ISBN
ISBN 0072895438
-- 0072895438
040 ## - БИЧЛЭГ ҮҮСГЭГЧ БАЙГУУЛЛАГА
Бичлэг үүсгэгч номын сангийн код МУИС-ийн номын сан
084 ## - ББК АНГИЛАЛ
Нэмэлт тусгалт Нэг сэдэвт бүтээл
ББК ангилал 65.290-2
Зохиогчийн гурван тэмдэгт C 70
Мэдлэгийн ялгаа 65 - Эдийн засаг
100 ## - ЗОХИОГЧ
Зохиогчийн нэр Collis, David J
245 ## - ҮНДСЭН ГАРЧИГ
Номын нэр Corporate Strategy
Бага гарчгийн мэдээ A Resource Based Approach
260 ## - ГАРАЛТЫН МЭДЭЭ
Хэвлэгдсэн газар Boston, Mass
Хэвлэлийн газар Irwin, McGraw-Hill
Хэвлэгдсэн он 1998
300 ## - МАТЕРИАЛЫН ТОДОРХОЙЛОЛТ
хуудасны тоо xvii, 220 p. :
Бусад тоон мэдээлэл ill. ;
Хэмжээ 23 cm
500 ## - Тайлбар
Дансны дугаар БС 4400
505 ## - Агуулгын тэмдэглэгээ
Агуулгын тэмдэглэгээ For many years, the menu of strategy courses at most schools has been relatively unchanged: typically, a capstone course has been followed by one or more electives on topics such as industry and competitor analysis, the management of technology, or mergers and acquisitions. CORPORATE STRATEGY breaks this mold. It is a completely new course whose design has been honed over six years of teaching at the Harvard Business School. It presents, for the first time, a single consistent framework for the analysis of corporate-level strategy. Based on the latest research in the resource-based view of the firm and organizational economics, it develops a rigorous approach to the many important issues surrounding the scope of the firm. Starting from the analysis of how valuable resources contribute to the competitive advantage of a single business, the book progresses through the analysis of scale, scope and vertical integration within an industry, to the treatment of diversification and the management of multibusiness firms. As such, it perfectly complements those required strategy courses that develop the notions of strategy as the internal consistency and external positioning of single business firms.
546 ## - ХЭЛНИЙ ТУХАЙ МЭДЭЭ
Хэл Англи хэл дээр,
653 ## - Түлхүүр үг
Түлхүүр үг organizational effectiveness
653 ## - Түлхүүр үг
Түлхүүр үг strategic planning
700 ## - ХАМ ЗОХИОГЧИД
Ба бус Montgomery, Cynthia A
942 ## - ЭЛЕМЕНТИЙН ТӨРӨЛ
Зүйлийн төрөл Ном